000 01052nam0a22002411 4500
001 rc\1000536
005 20041129101838.4
035 _a(NLR Aleph) 006166886
090 _a5922674
_c5922674
100 _a20041129d1981 u |0rusy50 ca
101 0 _arus
102 _aRU
105 _ay |||||||||
200 1 _aВопросы оптимального планирования эфиромасличного производства Молдавской ССР (15-17 сентября 1981 года)
_eПрепринт
210 _aКишинев
_cБ. и.
_d1981
215 _a17 с.
_d20
300 _aВ надзаг.: АН СССР, Науч. совет по комплекс. пробл. "Оптим. планир. и управление нар. хоз-вом", АН МССР, Ин-т математики с ВЦ, Госплан МССР, НИИ планир.
700 1 _aСобор
_bС. Е.
_gСветлана Ефимовна
801 0 _aRU
_bNLR
_gpsbo
801 1 _aRU
_bELAR
_2rusmarc
852 _aNLR
_j82-4/59
942 _cBOOK
980 _aNB